000 00297nam a2200121Ia 4500
005 20251222155158.0
008 251222s9999||||xx |||||||||||||| ||spa||
082 _aMEQ.231
100 _aHEART, DISEASE.
245 0 _aRecomendaciones guía para el tratamiento
264 _bNo tiene
942 _cLIB
999 _c39816
_d39816